[Event "Bundesliga 0102"]
[Site "Deutschland"]
[Date "2002.02.24"]
[Round "9.3"]
[White "Jussupow, Artur"]
[Black "Gabriel, Christian"]
[Result "1/2-1/2"]
[WhiteElo "2633"]
[BlackElo "2545"]
[PlyCount "57"]
[EventDate "2001.10.06"]
[EventType "team"]
[EventRounds "15"]
[EventCountry "GER"]
[SourceTitle "Bundesliga 0102"]
[Source "DeepChess"]
[SourceDate "2005.01.01"]
[SourceVersion "1"]
[SourceVersionDate "2005.01.01"]
[SourceQuality "1"]
[WhiteTeam "SG 1868 Aljech. Solingen"]
[BlackTeam "Stuttgarter SF 1879"]
[WhiteTeamCountry "GER"]
[BlackTeamCountry "GER"]

1. d4 f5 2. g3 Nf6 3. Bg2 g6 4. c4 Bg7 5. Nc3 O-O 6. Nh3 e6 7. O-O d6 8. b3 a5
9. Ba3 Na6 10. Qd2 Qe7 11. Nf4 Qf7 12. d5 exd5 13. Nfxd5 Nc5 14. Nxf6+ Qxf6 15.
Rac1 Ne6 16. e3 Qf7 17. Rfd1 Rb8 18. Nb5 b6 19. Bd5 h6 20. f4 Kh7 21. Re1 Re8
22. Qg2 Qe7 23. Na7 Nd8 24. Nxc8 Rxc8 25. Qd2 Qf6 26. Re2 Ne6 27. Bb7 Rb8 28.
Bc6 Re7 29. Bf3 1/2-1/2

[Event "Bundesliga 0102"]
[Site "Deutschland"]
[Date "2002.02.24"]
[Round "9.4"]
[White "Bunzmann, Dimitrij"]
[Black "Nikolic, Predrag"]
[Result "0-1"]
[WhiteElo "2509"]
[BlackElo "2652"]
[PlyCount "64"]
[EventDate "2001.10.06"]
[EventType "team"]
[EventRounds "15"]
[EventCountry "GER"]
[SourceTitle "Bundesliga 0102"]
[Source "DeepChess"]
[SourceDate "2005.01.01"]
[SourceVersion "1"]
[SourceVersionDate "2005.01.01"]
[SourceQuality "1"]
[WhiteTeam "Stuttgarter SF 1879"]
[BlackTeam "SG 1868 Aljech. Solingen"]
[WhiteTeamCountry "GER"]
[BlackTeamCountry "GER"]

1. d4 f5 2. c4 Nf6 3. Nc3 e6 4. g3 d5 5. Bg2 c6 6. Nh3 Bd6 7. O-O O-O 8. Bf4
Be7 9. Bg5 dxc4 10. e3 Nbd7 11. Qe2 Nb6 12. Rac1 Nfd5 13. Bxe7 Qxe7 14. e4 fxe4
15. Qxe4 Bd7 16. Rfe1 Rad8 17. Qe5 Nb4 18. Nf4 Bc8 19. Rcd1 Rxf4 20. Qxf4 Nd3
21. Rxd3 cxd3 22. Rd1 Nc4 23. b3 e5 24. dxe5 Nxe5 25. Ne4 Bg4 26. Rd2 Rf8 27.
Qg5 Qa3 28. f4 Qc1+ 29. Kf2 Bf5 30. Nf6+ Rxf6 31. fxe5 Rf8 32. Kf3 Bh3+ 0-1

[Event "Bundesliga 0102"]
[Site "Deutschland"]
[Date "2002.02.24"]
[Round "9.5"]
[White "Lobron, Eric"]
[Black "Buhmann, Rainer"]
[Result "0-1"]
[WhiteElo "2524"]
[BlackElo "2498"]
[PlyCount "64"]
[EventDate "2001.10.06"]
[EventType "team"]
[EventRounds "15"]
[EventCountry "GER"]
[SourceTitle "Bundesliga 0102"]
[Source "DeepChess"]
[SourceDate "2005.01.01"]
[SourceVersion "1"]
[SourceVersionDate "2005.01.01"]
[SourceQuality "1"]
[WhiteTeam "SG 1868 Aljech. Solingen"]
[BlackTeam "Stuttgarter SF 1879"]
[WhiteTeamCountry "GER"]
[BlackTeamCountry "GER"]

1. e4 e6 2. d4 d5 3. Nc3 Nf6 4. e5 Nfd7 5. f4 c5 6. Nf3 Nc6 7. Be3 cxd4 8. Nxd4
Bc5 9. Qd2 a6 10. Qf2 Bxd4 11. Bxd4 b5 12. Bd3 b4 13. Ne2 a5 14. O-O O-O 15.
Rae1 Ba6 16. h3 Qc7 17. Qe3 Rfe8 18. Rf3 a4 19. Rg3 Bxd3 20. cxd3 Ne7 21. Rf3
Rac8 22. Rc1 Qb7 23. Rff1 Rxc1 24. Rxc1 Rc8 25. Rxc8+ Qxc8 26. Qd2 Nc6 27. Bf2
Qa6 28. Qc2 h6 29. b3 axb3 30. axb3 Qb5 31. Kf1 Qa6 32. Nd4 Qa1+ 0-1

[Event "Bundesliga 0102"]
[Site "Deutschland"]
[Date "2002.02.24"]
[Round "9.6"]
[White "Schmittdiel, Eckhard"]
[Black "Rowson, Jonathan"]
[Result "1/2-1/2"]
[WhiteElo "2490"]
[BlackElo "2514"]
[PlyCount "27"]
[EventDate "2001.10.06"]
[EventType "team"]
[EventRounds "15"]
[EventCountry "GER"]
[SourceTitle "Bundesliga 0102"]
[Source "DeepChess"]
[SourceDate "2005.01.01"]
[SourceVersion "1"]
[SourceVersionDate "2005.01.01"]
[SourceQuality "1"]
[WhiteTeam "Stuttgarter SF 1879"]
[BlackTeam "SG 1868 Aljech. Solingen"]
[WhiteTeamCountry "GER"]
[BlackTeamCountry "GER"]

1. e4 c5 2. c3 d5 3. exd5 Qxd5 4. d4 Nf6 5. Na3 cxd4 6. Nb5 Na6 7. Qxd4 e5 8.
Qxd5 Nxd5 9. Nf3 f6 10. Bc4 Be6 11. b3 Nac7 12. Nxc7+ Nxc7 13. Bxe6 Nxe6 14.
Be3 1/2-1/2

[Event "Bundesliga 0102"]
[Site "Deutschland"]
[Date "2002.02.24"]
[Round "9.7"]
[White "Naumann, Alexander"]
[Black "Duppel, Matthias"]
[Result "0-1"]
[WhiteElo "2480"]
[BlackElo "2455"]
[PlyCount "128"]
[EventDate "2001.10.06"]
[EventType "team"]
[EventRounds "15"]
[EventCountry "GER"]
[SourceTitle "Bundesliga 0102"]
[Source "DeepChess"]
[SourceDate "2005.01.01"]
[SourceVersion "1"]
[SourceVersionDate "2005.01.01"]
[SourceQuality "1"]
[WhiteTeam "SG 1868 Aljech. Solingen"]
[BlackTeam "Stuttgarter SF 1879"]
[WhiteTeamCountry "GER"]
[BlackTeamCountry "GER"]

1. Nf3 d5 2. d4 c6 3. c4 Nf6 4. Nc3 dxc4 5. a4 Bf5 6. Ne5 Nbd7 7. Nxc4 Qc7 8.
g3 e5 9. dxe5 Nxe5 10. Bf4 Nfd7 11. Bg2 g5 12. Nxe5 gxf4 13. Nxd7 O-O-O 14. Qd4
Qxd7 15. Qxf4 Bd6 16. Qh6 Be5 17. O-O Qe6 18. Qe3 Bd4 19. Qf4 Qe5 20. Qc1 Qc5
21. Qh6 Rd6 22. Qh5 Bg6 23. Qxc5 Bxc5 24. Be4 Bd4 25. Bxg6 hxg6 26. e3 Bg7 27.
Rac1 Rhd8 28. b4 f5 29. Ne2 Kc7 30. Rc4 Be5 31. Nc1 Rd2 32. Nb3 Rb2 33. Nc5
Rdd2 34. Rh4 b6 35. Rh7+ Kc8 36. Na6 Rd7 37. Rxd7 Kxd7 38. Rd1+ Bd6 39. Nb8+
Kc7 40. Na6+ Kd7 41. Rd4 Ke6 42. Rh4 c5 43. bxc5 bxc5 44. Rh7 c4 45. Nc7+ Ke5
46. Nb5 a6 47. Nxd6 Kxd6 48. Rh8 Kc5 49. Kf1 c3 50. Ke1 Kb4 51. Kd1 Rxf2 52.
Rb8+ Kxa4 53. Rb6 Rxh2 54. Rxg6 a5 55. Rb6 Rd2+ 56. Kc1 Re2 57. Rf6 Kb3 58.
Rb6+ Kc4 59. Rf6 Kd3 60. Rd6+ Kxe3 61. Rd5 a4 62. Re5+ Kd3 63. Rd5+ Kc4 64.
Rxf5 a3 0-1

[Event "Bundesliga 0102"]
[Site "Deutschland"]
[Date "2002.02.24"]
[Round "9.8"]
[White "Zeller, Frank"]
[Black "Schaefer, Markus"]
[Result "1-0"]
[WhiteElo "2442"]
[BlackElo "2403"]
[PlyCount "87"]
[EventDate "2001.10.06"]
[EventType "team"]
[EventRounds "15"]
[EventCountry "GER"]
[SourceTitle "Bundesliga 0102"]
[Source "DeepChess"]
[SourceDate "2005.01.01"]
[SourceVersion "1"]
[SourceVersionDate "2005.01.01"]
[SourceQuality "1"]
[WhiteTeam "Stuttgarter SF 1879"]
[BlackTeam "SG 1868 Aljech. Solingen"]
[WhiteTeamCountry "GER"]
[BlackTeamCountry "GER"]

1. e4 e6 2. d4 d5 3. Nd2 Nf6 4. e5 Nfd7 5. f4 c5 6. c3 Nc6 7. Ndf3 Qb6 8. a3 a5
9. h4 Be7 10. b3 f6 11. Bd3 Qc7 12. Ra2 Nb6 13. Qc2 f5 14. dxc5 Bxc5 15. Ne2
Bd7 16. Ned4 Bxd4 17. cxd4 a4 18. Bd2 O-O 19. Kf2 Rfc8 20. Rc1 Qd8 21. Qb1 Na7
22. Rxc8 Qxc8 23. Rc2 Bc6 24. g4 axb3 25. Qxb3 Nc4 26. gxf5 Nxd2 27. Rxd2 exf5
28. Re2 h6 29. e6 Qe8 30. Bxf5 Nb5 31. Qc2 Qe7 32. Bh7+ Kh8 33. Ne5 Be8 34. Bg6
Rxa3 35. Kg2 Qxh4 36. Bd3 Nxd4 37. Qc8 Rxd3 38. Ng6+ Kh7 39. Nxh4 Nxe2 40. Qxe8
Nxf4+ 41. Kf2 Rh3 42. Nf5 Rh5 43. Ne7 Nd3+ 44. Kf1 1-0

[Event "Bundesliga 0102"]
[Site "Deutschland"]
[Date "2002.02.24"]
[Round "9.1"]
[White "Van Mil, Johannes A J"]
[Black "Khenkin, Igor"]
[Result "1/2-1/2"]
[WhiteElo "2416"]
[BlackElo "2579"]
[PlyCount "96"]
[EventDate "2001.10.06"]
[EventType "team"]
[EventRounds "15"]
[EventCountry "GER"]
[SourceTitle "Bundesliga 0102"]
[Source "DeepChess"]
[SourceDate "2005.01.01"]
[SourceVersion "1"]
[SourceVersionDate "2005.01.01"]
[SourceQuality "1"]
[WhiteTeam "SGEM Heiligenhaus 1937 e. V."]
[BlackTeam "TV Tegernsee"]
[WhiteTeamCountry "GER"]
[BlackTeamCountry "GER"]

1. e4 c6 2. d4 d5 3. Nc3 dxe4 4. Nxe4 Bf5 5. Ng3 Bg6 6. h4 h6 7. Nf3 Nd7 8. h5
Bh7 9. Bd3 Bxd3 10. Qxd3 e6 11. Bd2 Ngf6 12. O-O-O Be7 13. Ne4 O-O 14. Kb1 c5
15. dxc5 Nxc5 16. Qxd8 Rfxd8 17. Nxf6+ Bxf6 18. Be3 b6 19. c3 Kf8 20. Kc2 Ke7
21. g4 Rac8 22. Rxd8 Kxd8 23. Nd2 Na6 24. Ne4 Nb4+ 25. Kb3 Nd5 26. Bd2 Be5 27.
c4 Ne7 28. Rd1 Nc6 29. f4 Bb8 30. Bc3+ Ke7 31. Rf1 f6 32. g5 f5 33. Nd2 hxg5
34. fxg5 Be5 35. Bxe5 Nxe5 36. Re1 Nd3 37. Rh1 e5 38. Kc3 e4 39. b4 Ke6 40. h6
gxh6 41. gxh6 Rh8 42. h7 Kf6 43. a3 Nf2 44. Rh2 Ng4 45. Rh1 Nf2 46. Rh2 Ng4 47.
Rh1 Ke5 48. c5 bxc5 1/2-1/2

[Event "Bundesliga 0102"]
[Site "Deutschland"]
[Date "2002.02.24"]
[Round "9.2"]
[White "Hertneck, Gerald"]
[Black "Solleveld, Maarten"]
[Result "1/2-1/2"]
[WhiteElo "2572"]
[BlackElo "2427"]
[PlyCount "66"]
[EventDate "2001.10.06"]
[EventType "team"]
[EventRounds "15"]
[EventCountry "GER"]
[SourceTitle "Bundesliga 0102"]
[Source "DeepChess"]
[SourceDate "2005.01.01"]
[SourceVersion "1"]
[SourceVersionDate "2005.01.01"]
[SourceQuality "1"]
[WhiteTeam "TV Tegernsee"]
[BlackTeam "SGEM Heiligenhaus 1937 e. V."]
[WhiteTeamCountry "GER"]
[BlackTeamCountry "GER"]

1. d4 Nf6 2. c4 g6 3. Nc3 Bg7 4. e4 d6 5. Nf3 O-O 6. Be2 e5 7. O-O Nc6 8. d5
Ne7 9. Ne1 Nd7 10. Nd3 f5 11. Bd2 Kh8 12. Rc1 Nf6 13. f3 c6 14. Nf2 Neg8 15.
Qa4 Bd7 16. Qa3 Qe7 17. Rcd1 cxd5 18. cxd5 Bh6 19. Nb1 Rfc8 20. Rc1 a6 21. Rfe1
Ne8 22. Bxh6 Nxh6 23. Qe3 Nf7 24. Nd2 Qd8 25. b4 Nf6 26. Nb3 Rxc1 27. Rxc1 Rc8
28. Bd3 Rxc1+ 29. Nxc1 fxe4 30. fxe4 a5 31. a3 axb4 32. axb4 Qc7 33. Ne2 Kg7
1/2-1/2

[Event "Bundesliga 0102"]
[Site "Deutschland"]
[Date "2002.02.24"]
[Round "9.3"]
[White "Dutreeuw, Marc"]
[Black "Beim, Valery"]
[Result "0-1"]
[WhiteElo "2390"]
[BlackElo "2527"]
[PlyCount "140"]
[EventDate "2001.10.06"]
[EventType "team"]
[EventRounds "15"]
[EventCountry "GER"]
[SourceTitle "Bundesliga 0102"]
[Source "DeepChess"]
[SourceDate "2005.01.01"]
[SourceVersion "1"]
[SourceVersionDate "2005.01.01"]
[SourceQuality "1"]
[WhiteTeam "SGEM Heiligenhaus 1937 e. V."]
[BlackTeam "TV Tegernsee"]
[WhiteTeamCountry "GER"]
[BlackTeamCountry "GER"]

1. e4 d6 2. d4 Nf6 3. Nc3 g6 4. Be3 c6 5. Qd2 b5 6. Bd3 Nbd7 7. Nf3 e5 8. dxe5
dxe5 9. h3 Bb7 10. a4 a6 11. O-O Bg7 12. Ne2 Qe7 13. Ng3 O-O 14. c4 b4 15. c5
a5 16. Qc2 Ne8 17. Nd2 Nc7 18. Nb3 Ne6 19. Ne2 Rfe8 20. Rfd1 Bf8 21. Rac1 Nf6
22. Bc4 Qc7 23. Bxe6 Rxe6 24. Rd2 Bc8 25. Rdd1 Ba6 26. Ng3 Ree8 27. Nd2 Nd7 28.
Ngf1 Red8 29. Nh2 Rab8 30. b3 Be7 31. Nhf3 Kg7 32. Nc4 f6 33. Nd6 Nf8 34. Ne1
Ne6 35. f3 Rd7 36. Rd2 Rbd8 37. Rcd1 Bxd6 38. cxd6 Rxd6 39. Rxd6 Rxd6 40. Rxd6
Qxd6 41. Bb6 c5 42. Bxa5 Nd4 43. Qb2 Qe6 44. Nc2 Qxb3 45. Qxb3 Nxb3 46. Bb6 Nd4
47. Ne3 c4 48. Nd5 c3 49. Nxb4 c2 50. Nxc2 Nxc2 51. g4 Ne1 52. Kf2 Nd3+ 53. Kg3
Kf7 54. Bd8 Ke6 55. h4 Nf4 56. Kf2 Bb7 57. a5 h5 58. gxh5 Nxh5 59. Ke3 Kd7 60.
Bb6 Ng7 61. Bc5 f5 62. Bf8 Ne6 63. Bb4 f4+ 64. Kf2 Nd4 65. Bc3 Ke6 66. Bb2 Kf6
67. Bc3 Ba6 68. Bb4 Nc6 69. Be1 Kg7 70. Kg2 Kh6 0-1

[Event "Bundesliga 0102"]
[Site "Deutschland"]
[Date "2002.02.24"]
[Round "9.4"]
[White "Teske, Henrik"]
[Black "Berkvens, Joost"]
[Result "0-1"]
[WhiteElo "2486"]
[BlackElo "2444"]
[PlyCount "66"]
[EventDate "2001.10.06"]
[EventType "team"]
[EventRounds "15"]
[EventCountry "GER"]
[SourceTitle "Bundesliga 0102"]
[Source "DeepChess"]
[SourceDate "2005.01.01"]
[SourceVersion "1"]
[SourceVersionDate "2005.01.01"]
[SourceQuality "1"]
[WhiteTeam "TV Tegernsee"]
[BlackTeam "SGEM Heiligenhaus 1937 e. V."]
[WhiteTeamCountry "GER"]
[BlackTeamCountry "GER"]

1. d4 d5 2. Nf3 Nf6 3. c4 dxc4 4. Nc3 c6 5. a4 Na6 6. e4 Bg4 7. Bxc4 e6 8. Be3
Be7 9. Qb3 Bxf3 10. gxf3 O-O 11. O-O Rb8 12. Rfd1 Qa5 13. Rac1 Nb4 14. Kh1 g6
15. Rg1 Nh5 16. d5 exd5 17. exd5 Nf6 18. Rgd1 cxd5 19. Bxd5 Rbd8 20. Bc4 Qf5
21. Kg2 Nh5 22. Ne2 b6 23. Ng3 Nf4+ 24. Kh1 Qf6 25. Ne4 Qh4 26. Rxd8 Rxd8 27.
Rd1 Nc6 28. Bxf7+ Kf8 29. Rxd8+ Bxd8 30. Bg8 Ne5 31. Bxh7 Qh3 32. Qg8+ Ke7 33.
Qg7+ Nf7 0-1

[Event "Bundesliga 0102"]
[Site "Deutschland"]
[Date "2002.02.24"]
[Round "9.5"]
[White "Schmitz, Andreas Arnold"]
[Black "Gross, David2"]
[Result "0-1"]
[WhiteElo "2185"]
[BlackElo "2463"]
[PlyCount "90"]
[EventDate "2001.10.06"]
[EventType "team"]
[EventRounds "15"]
[EventCountry "GER"]
[SourceTitle "Bundesliga 0102"]
[Source "DeepChess"]
[SourceDate "2005.01.01"]
[SourceVersion "1"]
[SourceVersionDate "2005.01.01"]
[SourceQuality "1"]
[WhiteTeam "SGEM Heiligenhaus 1937 e. V."]
[BlackTeam "TV Tegernsee"]
[WhiteTeamCountry "GER"]
[BlackTeamCountry "GER"]

1. e4 c5 2. c3 d5 3. exd5 Qxd5 4. d4 Nf6 5. Nf3 Bg4 6. Be2 e6 7. Na3 a6 8. Nc2
cxd4 9. Qxd4 Qxd4 10. Nfxd4 Bxe2 11. Kxe2 Nbd7 12. c4 O-O-O 13. b3 e5 14. Nf5
Nc5 15. Rd1 Rxd1 16. Kxd1 Nd3 17. Ke2 Nxc1+ 18. Rxc1 g6 19. Nfe3 Bd6 20. Rd1
Kc7 21. Nd5+ Nxd5 22. Rxd5 Kc6 23. a4 b6 24. b4 Ra8 25. Kd3 f5 26. Kc3 a5 27.
b5+ Kc7 28. Na1 Rd8 29. Kc2 Bb4 30. Rxd8 Kxd8 31. Kd3 e4+ 32. Ke2 Kd7 33. f3
exf3+ 34. gxf3 g5 35. Nb3 Kd6 36. f4 gxf4 37. Kf3 Ke5 38. h4 h5 39. Nc1 Kd4 40.
Ne2+ Kxc4 41. Kxf4 Kb3 42. Kxf5 Kxa4 43. Ke4 Kb3 44. Kd3 Be7 45. Nd4+ Kb2 0-1

[Event "Bundesliga 0102"]
[Site "Deutschland"]
[Date "2002.02.24"]
[Round "9.6"]
[White "Kachiani Gersinska, Ketino"]
[Black "Lindner, Arnd"]
[Result "1-0"]
[WhiteElo "2453"]
[BlackElo "2120"]
[PlyCount "91"]
[EventDate "2001.10.06"]
[EventType "team"]
[EventRounds "15"]
[EventCountry "GER"]
[SourceTitle "Bundesliga 0102"]
[Source "DeepChess"]
[SourceDate "2005.01.01"]
[SourceVersion "1"]
[SourceVersionDate "2005.01.01"]
[SourceQuality "1"]
[WhiteTeam "TV Tegernsee"]
[BlackTeam "SGEM Heiligenhaus 1937 e. V."]
[WhiteTeamCountry "GER"]
[BlackTeamCountry "GER"]

1. d4 d5 2. c4 c6 3. Nf3 Nf6 4. e3 e6 5. Nc3 Nbd7 6. Qc2 b6 7. Bd3 Bb7 8. O-O
Bd6 9. e4 dxe4 10. Nxe4 Nxe4 11. Bxe4 Nf6 12. Bg5 h6 13. Bxf6 Qxf6 14. Qa4 O-O
15. Bxc6 Bxc6 16. Qxc6 e5 17. c5 bxc5 18. dxc5 Be7 19. Qxf6 Bxf6 20. Nd2 Rab8
21. Rab1 Rfd8 22. Ne4 Rb4 23. Nxf6+ gxf6 24. b3 Kf8 25. Rfd1 Rc8 26. Rbc1 Ke7
27. Rd3 Rb5 28. c6 Rc7 29. g4 Rb6 30. Rdc3 Ke6 31. Kg2 f5 32. Kg3 fxg4 33. Kxg4
f5+ 34. Kh5 Kd6 35. Rg3 e4 36. Kxh6 Ke5 37. Rg6 Kf4 38. Rd6 Rb8 39. Rd7 Rxd7
40. cxd7 Rd8 41. Rd1 Kf3 42. Kg5 Kxf2 43. Kxf5 e3 44. Ke6 Rh8 45. d8=Q Rxd8 46.
Rxd8 1-0

[Event "Bundesliga 0102"]
[Site "Deutschland"]
[Date "2002.02.24"]
[Round "9.7"]
[White "Heller, Achim"]
[Black "Bromberger, Stefan"]
[Result "0-1"]
[WhiteElo "2027"]
[BlackElo "2353"]
[PlyCount "100"]
[EventDate "2001.10.06"]
[EventType "team"]
[EventRounds "15"]
[EventCountry "GER"]
[SourceTitle "Bundesliga 0102"]
[Source "DeepChess"]
[SourceDate "2005.01.01"]
[SourceVersion "1"]
[SourceVersionDate "2005.01.01"]
[SourceQuality "1"]
[WhiteTeam "SGEM Heiligenhaus 1937 e. V."]
[BlackTeam "TV Tegernsee"]
[WhiteTeamCountry "GER"]
[BlackTeamCountry "GER"]

1. d4 Nf6 2. c4 c5 3. d5 e6 4. Nc3 exd5 5. cxd5 d6 6. e4 g6 7. Nf3 a6 8. a4 Bg4
9. Be2 Bg7 10. O-O O-O 11. h3 Bxf3 12. Bxf3 Nbd7 13. Bf4 Qe7 14. Re1 Rfe8 15.
Rc1 Rab8 16. Qe2 Ne5 17. b3 Nfd7 18. Bg4 Nb6 19. Bd2 h5 20. Bf3 Qf6 21. Nd1
Nbd7 22. Bc3 Nxf3+ 23. Qxf3 Qxf3 24. gxf3 Ne5 25. Bxe5 Bxe5 26. Ne3 b5 27. Rb1
Re7 28. Rbc1 Kg7 29. Kf1 Reb7 30. a5 Re7 31. Re2 Rbe8 32. Ree1 Bd4 33. Re2 f5
34. exf5 Bxe3 35. fxe3 Rxe3 36. Rxe3 Rxe3 37. Kf2 Re5 38. fxg6 Kxg6 39. Rd1 Kf5
40. Rd3 Kf4 41. b4 c4 42. Rd4+ Kf5 43. Rd1 Re8 44. Rg1 c3 45. Rc1 Rc8 46. Kg3
Rc4 47. Rc2 h4+ 48. Kg2 Ke5 49. Kf2 Kd4 50. Ke2 Rxb4 0-1

[Event "Bundesliga 0102"]
[Site "Deutschland"]
[Date "2002.02.24"]
[Round "9.8"]
[White "Klundt, Klaus"]
[Black "Perschke, Ulrich"]
[Result "1/2-1/2"]
[WhiteElo "2379"]
[BlackElo "2216"]
[PlyCount "69"]
[EventDate "2001.10.06"]
[EventType "team"]
[EventRounds "15"]
[EventCountry "GER"]
[SourceTitle "Bundesliga 0102"]
[Source "DeepChess"]
[SourceDate "2005.01.01"]
[SourceVersion "1"]
[SourceVersionDate "2005.01.01"]
[SourceQuality "1"]
[WhiteTeam "TV Tegernsee"]
[BlackTeam "SGEM Heiligenhaus 1937 e. V."]
[WhiteTeamCountry "GER"]
[BlackTeamCountry "GER"]

1. e4 g6 2. d4 Bg7 3. Nc3 c6 4. Nf3 d6 5. Be2 Nf6 6. O-O O-O 7. h3 Qc7 8. Bf4
Nbd7 9. e5 dxe5 10. Nxe5 Nxe5 11. Bxe5 Qa5 12. Re1 Be6 13. Bf3 Rad8 14. Qe2 Rd7
15. a3 Nd5 16. Bxg7 Nxc3 17. Qe5 Qxe5 18. Bxe5 Nb5 19. c3 Nd6 20. Bxd6 Rxd6 21.
Re5 Rfd8 22. a4 Kf8 23. Rae1 R8d7 24. a5 Bc4 25. Rc5 Bd5 26. Bxd5 Rxd5 27. a6
Rxc5 28. dxc5 Ke8 29. Ra1 Kd8 30. Kf1 Kc8 31. Ke2 e5 32. g4 f6 33. Ra4 Rd5 34.
axb7+ Kxb7 35. Rb4+ 1/2-1/2

[Event "Bundesliga 0102"]
[Site "Deutschland"]
[Date "2002.03.16"]
[Round "10.1"]
[White "Luther, Thomas"]
[Black "Dautov, Rustem"]
[Result "1/2-1/2"]
[WhiteElo "2604"]
[BlackElo "2630"]
[PlyCount "84"]
[EventDate "2001.10.06"]
[EventType "team"]
[EventRounds "15"]
[EventCountry "GER"]
[SourceTitle "Bundesliga 0102"]
[Source "DeepChess"]
[SourceDate "2005.01.01"]
[SourceVersion "1"]
[SourceVersionDate "2005.01.01"]
[SourceQuality "1"]
[WhiteTeam "Erfurter SK"]
[BlackTeam "Godesberger SK 1929"]
[WhiteTeamCountry "GER"]
[BlackTeamCountry "GER"]

1. e4 c6 2. d4 d5 3. Nd2 dxe4 4. Nxe4 Bf5 5. Ng3 Bg6 6. h4 h6 7. Nf3 Nd7 8. h5
Bh7 9. Bd3 Bxd3 10. Qxd3 Ngf6 11. Bf4 e6 12. O-O-O Nd5 13. Bd2 Nb4 14. Bxb4
Bxb4 15. Kb1 Qe7 16. c3 Ba5 17. Nf5 Qf8 18. Ne5 Bc7 19. Nxd7 Kxd7 20. Ne3 Rd8
21. Nc4 Kc8 22. Qe4 Qe7 23. f4 Rhe8 24. g3 c5 25. Rhe1 cxd4 26. cxd4 Kb8 27.
Rd3 f5 28. Qf3 Qb4 29. Rc1 Qb5 30. Rdc3 Re7 31. Ne5 Bb6 32. a3 Ree8 33. Rb3 Qd5
34. Rc4 Qxf3 35. Nxf3 Rd6 36. Kc2 Rg8 37. Rbc3 a6 38. Rd3 g6 39. hxg6 Rxg6 40.
Ne5 Rg7 41. b4 Rd8 42. a4 Bc7 1/2-1/2

[Event "Bundesliga 0102"]
[Site "Deutschland"]
[Date "2002.03.16"]
[Round "10.3"]
[White "Kuczynski, Robert"]
[Black "Kengis, Edvins"]
[Result "1/2-1/2"]
[WhiteElo "2470"]
[BlackElo "2572"]
[PlyCount "49"]
[EventDate "2001.10.06"]
[EventType "team"]
[EventRounds "15"]
[EventCountry "GER"]
[SourceTitle "Bundesliga 0102"]
[Source "DeepChess"]
[SourceDate "2005.01.01"]
[SourceVersion "1"]
[SourceVersionDate "2005.01.01"]
[SourceQuality "1"]
[WhiteTeam "Erfurter SK"]
[BlackTeam "Godesberger SK 1929"]
[WhiteTeamCountry "GER"]
[BlackTeamCountry "GER"]

1. e4 c5 2. Nf3 e6 3. d4 cxd4 4. Nxd4 a6 5. Nc3 b5 6. Bd3 Qb6 7. Be3 Bc5 8. Be2
Nc6 9. Nxc6 dxc6 10. Bxc5 Qxc5 11. Qd3 Nf6 12. f4 e5 13. Qg3 O-O 14. fxe5 Nd7
15. e6 fxe6 16. O-O-O e5 17. Rhf1 Nf6 18. Qd3 Ra7 19. Qd6 Qxd6 20. Rxd6 Bd7 21.
a3 Kf7 22. Rdd1 Ke7 23. Kd2 Be6 24. Ke3 Rd7 25. Rxd7+ 1/2-1/2

[Event "Bundesliga 0102"]
[Site "Deutschland"]
[Date "2002.03.16"]
[Round "10.4"]
[White "Kveinys, Aloyzas"]
[Black "Paehtz, Thomas Sr"]
[Result "1-0"]
[WhiteElo "2535"]
[BlackElo "2451"]
[PlyCount "65"]
[EventDate "2001.10.06"]
[EventType "team"]
[EventRounds "15"]
[EventCountry "GER"]
[SourceTitle "Bundesliga 0102"]
[Source "DeepChess"]
[SourceDate "2005.01.01"]
[SourceVersion "1"]
[SourceVersionDate "2005.01.01"]
[SourceQuality "1"]
[WhiteTeam "Godesberger SK 1929"]
[BlackTeam "Erfurter SK"]
[WhiteTeamCountry "GER"]
[BlackTeamCountry "GER"]

1. e4 g6 2. d4 Bg7 3. Nf3 d6 4. Bc4 Nf6 5. Qe2 O-O 6. e5 dxe5 7. dxe5 Nd5 8. h3
Nb6 9. Bb3 Nc6 10. Nc3 a5 11. a4 Be6 12. Bxe6 fxe6 13. Nb5 Nd7 14. Ng5 Ndxe5
15. O-O Qc8 16. Bd2 h6 17. Ne4 Nd8 18. Bc3 c6 19. Na3 Qc7 20. Rae1 b6 21. Ng3
Nd7 22. Qd3 Bxc3 23. Qxc3 Nc5 24. Nc4 Rf6 25. Ne4 Nxe4 26. Rxe4 Nf7 27. Rfe1 b5
28. Ne5 Nxe5 29. Rxe5 Qb6 30. R1e3 Raf8 31. Qb3 Qd4 32. Rxe6 Qxa4 33. Rxf6+ 1-0

[Event "Bundesliga 0102"]
[Site "Deutschland"]
[Date "2002.03.16"]
[Round "10.5"]
[White "Mueller, Matthias"]
[Black "Langheinrich, Ferenc"]
[Result "0-1"]
[WhiteElo "2402"]
[BlackElo "2398"]
[PlyCount "77"]
[EventDate "2001.10.06"]
[EventType "team"]
[EventRounds "15"]
[EventCountry "GER"]
[SourceTitle "Bundesliga 0102"]
[Source "DeepChess"]
[SourceDate "2005.01.01"]
[SourceVersion "1"]
[SourceVersionDate "2005.01.01"]
[SourceQuality "1"]
[WhiteTeam "Erfurter SK"]
[BlackTeam "Godesberger SK 1929"]
[WhiteTeamCountry "GER"]
[BlackTeamCountry "GER"]

1. e4 c6 2. d4 d5 3. Nc3 dxe4 4. Nxe4 Nd7 5. Nf3 Ngf6 6. Nxf6+ Nxf6 7. Ne5 e6
8. Bd3 c5 9. dxc5 Bxc5 10. O-O O-O 11. Qe2 Qc7 12. Bf4 Bd6 13. Rad1 b6 14. Bg3
Bb7 15. Rd2 Rad8 16. Rfd1 Qc5 17. c3 Be7 18. a3 a5 19. Bh4 Rd5 20. Bg3 Bd6 21.
Nc4 Bxg3 22. hxg3 Rh5 23. Qe3 Qc6 24. Bf1 Nd5 25. Qd4 e5 26. Nxe5 Qh6 27. f3
Qg5 28. c4 Nf6 29. g4 Rh6 30. Nd3 Qh4 31. Qf4 Qh1+ 32. Kf2 Ne4+ 33. fxe4 Rf6
34. Qxf6 gxf6 35. Nf4 Qh4+ 36. g3 Qxg4 37. Bg2 Qg5 38. Rd8 Qc5+ 39. Kf3 $138
0-1